000 00287nam a2200121Ia 4500
008 230907s9999||||xx |||||||||||||| ||und||
082 _a174.962
_bENG
245 0 _aEngineering ethics : Concepts and cases
250 _a6th ed
300 _a291 p.
590 _a.....
942 _cBK
_2ddc
999 _c598425
_d598425